<?xml version="1.0" encoding="UTF-8"?><?xml-stylesheet type="text/xsl" href="static/style.xsl"?><OAI-PMH xmlns="http://www.openarchives.org/OAI/2.0/" xmlns:xsi="http://www.w3.org/2001/XMLSchema-instance" xsi:schemaLocation="http://www.openarchives.org/OAI/2.0/ http://www.openarchives.org/OAI/2.0/OAI-PMH.xsd"><responseDate>2026-04-27T20:23:08Z</responseDate><request verb="GetRecord" identifier="oai:uvadoc.uva.es:10324/14345" metadataPrefix="marc">https://uvadoc.uva.es/oai/request</request><GetRecord><record><header><identifier>oai:uvadoc.uva.es:10324/14345</identifier><datestamp>2021-06-29T11:25:51Z</datestamp><setSpec>com_10324_38</setSpec><setSpec>col_10324_852</setSpec></header><metadata><record xmlns="http://www.loc.gov/MARC21/slim" xmlns:doc="http://www.lyncode.com/xoai" xmlns:xsi="http://www.w3.org/2001/XMLSchema-instance" xmlns:dcterms="http://purl.org/dc/terms/" xsi:schemaLocation="http://www.loc.gov/MARC21/slim http://www.loc.gov/standards/marcxml/schema/MARC21slim.xsd">
<leader>00925njm 22002777a 4500</leader>
<datafield tag="042" ind1=" " ind2=" ">
<subfield code="a">dc</subfield>
</datafield>
<datafield tag="720" ind1=" " ind2=" ">
<subfield code="a">González Gómez, Víctor (Facultad de Derecho)</subfield>
<subfield code="e">author</subfield>
</datafield>
<datafield tag="260" ind1=" " ind2=" ">
<subfield code="c">2015</subfield>
</datafield>
<datafield tag="520" ind1=" " ind2=" ">
<subfield code="a">La Seguridad humana es un término relativamente reciente acuñado por vez primera en el Informe sobre desarrollo humano del PNUD (Programa de las Naciones Unidas para el Desarrollo) de 1994. Este concepto trata de cambiar el concepto de seguridad tradicional enfocado hacia la protección del Estado frente a cualquier ataque a su soberanía, para tratar de enfocar la seguridad hacia la protección del individuo en cualquier ámbito de la vida, consiguiendo esto a través del desarrollo humano, término que se halla muy ligado a la seguridad humana, y que permita al individuo desarrollar al máximo sus capacidades y cubrir todas sus necesidades mientras se le permite participar en la vida política y social de la comunidad de forma segura.</subfield>
</datafield>
<datafield tag="024" ind2=" " ind1="8">
<subfield code="a">http://uvadoc.uva.es/handle/10324/14345</subfield>
</datafield>
<datafield ind1=" " ind2=" " tag="653">
<subfield code="a">Seguridad humana</subfield>
</datafield>
<datafield ind1=" " ind2=" " tag="653">
<subfield code="a">Seguridad internacional</subfield>
</datafield>
<datafield ind1=" " ind2=" " tag="653">
<subfield code="a">Derechos humanos</subfield>
</datafield>
<datafield ind1=" " ind2=" " tag="653">
<subfield code="a">Desarrollo</subfield>
</datafield>
<datafield tag="245" ind1="0" ind2="0">
<subfield code="a">La seguridad humana. De la seguridad de los Estados a la seguridad de las personas</subfield>
</datafield>
</record></metadata></record></GetRecord></OAI-PMH>